000
00465nam a2200157Ia 4500
008
151213s9999 xx 000 0 und d
100
_a
আশরাফুল।
245
_a
ঝড় - জল - সূর্য।
_c
আশরাফুল।
250
_a
১ম স
260
_a
পাবনা।
_b
এন - বানূ।
_c
2005
300
_a
3463 p.
650
_a
Bangla
650
_a
গল্প।
700
_a
আশরাফুল।
999
_c
2290
_d
2290